| 000 | 01120ngm a22003370a 4500 | ||
|---|---|---|---|
| 001 | PT14840 | ||
| 003 | AR-LpoUNG | ||
| 005 | 20210201235947.0 | ||
| 007 | vd cvaizq | ||
| 008 | 191001s1956||||ag |||||||||||||||||fre d | ||
| 037 | _c$8.33 | ||
| 040 |
_aAR-LpoUNG _bspa _cAR-LpoUNG _eaacr |
||
| 041 |
_afre _aspa |
||
| 044 | _aag | ||
| 082 | 0 | _a940.531 7 434noc | |
| 100 | 1 |
_aResnais, Alain _edir. |
|
| 245 | 1 | 0 | _aNoche y niebla |
| 260 |
_aBuenos Aires : _bBlackman, _c1956. |
||
| 300 | _aVHS (32 min.) : son., byn | ||
| 505 | 0 | _aGuión: Jean Cayrol ; narración: Michel Bouquet ; música: Hanns Eisler. - Hecha en 1955. - Diálogos en francés, subtítulos en castellano. | |
| 520 | _aLa obra, en palabras de Francois Truffaut -es una meditación sobre los hechos más atroces del siglo XX-. Recorre los campos de concentración de Auschwitz o Buchenwlad. | ||
| 650 | 4 | _aANTISEMITISMO | |
| 650 | 4 | _aCAMPOS DE CONCENTRACION | |
| 650 | 4 | _aHISTORIA | |
| 651 | 4 | _aDOCUMENTOS TEORICOS O METODOLOGICOS | |
| 653 | _aDOCUMENTALES | ||
| 653 | _aVHS | ||
| 653 | _aVIDEOS | ||
| 905 | _a14840 | ||
| 942 | _cVIDEO | ||
| 999 |
_c53858 _d53858 |
||